| 000 | 00000nam##2200000za#4500 |
| 001 | 9.642927 |
| 003 | CaOODSP |
| 005 | 20210624223932 |
| 007 | cr ||||||||||| |
| 008 | 150407|2008||||xxc|||||o f|0| 0 fre|d |
| 040 | |aCaOODSP|bfre |
| 043 | |an-cn--- |
| 086 | 1 |aEn14-120/2008F-PDF |
| 110 | 1 |aCanada. |bEnvironnement Canada. |
| 245 | 10|aRéponse aux commentaires reçus dans les mémoires sur le projet de Règlement sur les polybromodiphényléthers, publié le 16 décembre 2006 dans la Gazette du Canada, Partie I |h[ressource électronique] |
| 260 | |aOttawa - Ontario : |bEnvironnement Canada |cJuillet 2008. |
| 300 | |a4p. |
| 590 | |a14-08-Supp|b2014-04-10 |
| 691 | 07|aGestion des risques|2gcpds |
| 691 | 07|aPolluant|2gcpds |
| 691 | 07|aProtection de l'environnement|2gcpds |
| 775 | 08|tReply to comments received in submissions on the proposed Polybrominated Diphenyl Ethers Regulations published on December 16, 2006 in Part I of the Canada Gazette |w(CaOODSP)9.698886 |
| 856 | 40|ahttp://publications.gc.ca|qPDF|s295 Ko|uhttps://publications.gc.ca/collections/collection_2014/ec/En14-120-2008-fra.pdf |